01579nam a2200349 a 4500001001000000003000900010005001700019008003700036040002500073082002800098100003300126245021200159260005700371300003600428490003700464504005600501504003200557590002600589650006900615650005100684650003600735651005300771651005600824700005100880700003900931700003400970710003201004910003901036942001201075952012501087999001701212000021141DO-SdBPM20241111082811.0100901t1982 dr ac 001 0 spa d aDO-SdBPMbspacBPMSU a302.072bR696t 19822221 aRodríguez Velez, Wendalina13aEl turbante blanco :bmuertos, santos y vivos en lucha política /cWendalina Rodríguez Vélez ; prólogo Euribíades Concepción Reynoso ; cuidado de edición José Chez Checo, Clara Leyla Alfonso. aSanto Domingo :bMuseo del Hombre Dominicano,c1982. a402 p. :bil., retrs. ;c23 cm.0 aInvestigaciones antropológicas aIncluye bibliografía y notas al pie de páginas. aBibliografía : p.399-402. aInventariado, 2024/VM 4aAntropología culturalxInvestigacioneszRepública Dominicana 4aCulturas tradicionaleszRepública Dominicana 4aFolclorzRepública Dominicana 4aRepública DominicanaxVida Social Y Costumbres 4aRepública DominicanaxVida Religiosa Y Costumbres1 aConcepción Reynoso, Euribíades,eprólogo1 aChez Checo, José,d1949-eeditor1 aAlfonso, Clara Leyla,eeditor2 aMuseo del Hombre Dominicano aVMateo V. Control de calidad BPMSU 2ddccBK 00102ddc40708CDaBPMETbBPMETd2024-11-11l0oBPMSU CD 302.072 R696t 1982pBPMSU24110017r2024-11-11w2024-11-11yBK c14853d14853